| 000 | 00355nam a2200157Ia 4500 | ||
|---|---|---|---|
| 008 | 210210b1959 xxu||||| |||| 00| 0 eng d | ||
| 041 | _aeng | ||
| 082 | _a539/30 | ||
| 100 | _aFEDYNSKY (V) | ||
| 245 | _aMeteors | ||
| 260 |
_a _bForeign Languages Publishing House _c1959 |
||
| 300 | _a126 | ||
| 650 | _aMeteors | ||
| 690 | _aPhysics | ||
| 906 | _a009046 | ||
| 999 |
_c127795 _d127795 |
||